Normal view
MARC view
- Finnigan, John
Entry Personal Name
001 - CONTROL NUMBER
- control field: 6488
003 - CONTROL NUMBER IDENTIFIER
- control field: OSt
005 - DATE AND TIME OF LATEST TRANSACTION
- control field: 20170519123406.0
008 - FIXED-LENGTH DATA ELEMENTS
- fixed length control field: 170519|| aca||aabn | a|a d
040 ## - CATALOGING SOURCE
- Original cataloging agency: OSt
- Transcribing agency: OSt
100 ## - HEADING--PERSONAL NAME
- Personal name: Finnigan, John
670 ## - SOURCE DATA FOUND
- Source citation: Work cat.: (OSt)0: Finnigan, John, The right people in the right jobs., 1973.

PORTAL AKMAL
E-MEL JKDM
AKMAL2U
G-BAM
u-PUSTAKA